The Dada seminars / (Record no. 19106)

000 -LEADER
fixed length control field 00675cam a22001934a 4500
020 ## - INTERNATIONAL STANDARD BOOK NUMBER
ISBN 1933045140 (hardcover : alk. paper)
040 ## - CATALOGING SOURCE
Transcribing agency DLC
082 04 - DEWEY DECIMAL CLASSIFICATION NUMBER
Classification number 709 CEN 2005 C161 Or.
245 04 - TITLE STATEMENT
Title The Dada seminars /
260 ## - PUBLICATION, DISTRIBUTION, ETC. (IMPRINT)
Place of publication Washington, DC :
Name of publisher Center for Advanced Study in the Visual Arts, National Gallery of Art, in association with D.A.P./Distributed Art Publishers,
Year of publication c2005.
300 ## - PHYSICAL DESCRIPTION
Number of Pages viii, 308 p. :
Other physical details ill. ;
Dimensions 26 cm.
490 1# - SERIES STATEMENT
Series statement CASVA seminar papers ;
500 ## - GENERAL NOTE
General note Includes index.
650 #0 - SUBJECT ADDED ENTRY--TOPICAL TERM
Topical Term Dadaism
700 1# - ADDED ENTRY--PERSONAL NAME
Personal name Dickerman, Leah,
700 1# - ADDED ENTRY--PERSONAL NAME
Personal name Witkovsky, Matthew S.,
856 41 - ELECTRONIC LOCATION AND ACCESS
Uniform Resource Identifier http://www.loc.gov/catdir/toc/ecip056/2005001643.html
942 ## - ADDED ENTRY ELEMENTS (KOHA)
Koha item type ADB
952 ## - LOCATION AND ITEM INFORMATION (KOHA)
Withdrawn status [LOCAL, KOHA] 0
Holdings
Source of acquisition Permanent Location Date acquired Koha item type Lost status Shelving location Current Location Full call number
A37778Library Block C2020-03-11សៀវភៅភាសាអង់គ្លេស C161Library Block C709 CEN 2005 C161 Or.
មជ្ឈមណ្ឌលឯការនៃសាកលវិទ្យាល័យភូមិន្ទកសិកម្មចំការដូង

Powered by Koha